[Event "Tarragona-ch Seniors"]
[Site "Cambrils"]
[Date "2020.02.06"]
[Round "3.10"]
[White "Plaza Pulgar, Mariano"]
[Black "Llaberia Borras, Salvador"]
[Result "0-1"]
[WhiteElo "1700"]
[BlackElo "1799"]
[PlyCount "98"]
[EventDate "2020.01.23"]
[EventType "swiss"]
[EventRounds "8"]
[EventCountry "ESP"]
[SourceTitle "EXT 2024"]
[Source "ChessBase"]
[SourceDate "2023.10.10"]
[SourceVersion "1"]
[SourceVersionDate "2023.10.10"]
[SourceQuality "1"]

1. d4 d5 2. e3 e6 3. a3 Nf6 4. b4 c6 5. c4 Be7 6. c5 Nbd7 7. Bd3 e5 8. Bb2 e4 9. Be2 0-0 10. Nd2 Re8 11. Qc2 Nf8 12. f3 Bf5 13. f4 Bg4 14. h3 Bxe2 15. Nxe2 Nh5 16. 0-0-0 b6 17. g4 Nf6 18. Nb3 a5 19. Bc3 axb4 20. axb4 Qc7 21. Kd2 Ra7 22. Ra1 Rea8 23. Rhb1 Rxa1 24. Rxa1 Rxa1 25. Nxa1 bxc5 26. bxc5 N6d7 27. Qa4 Nb8 28. Ba5 Qc8 29. Ng3 g6 30. Ke2 h5 31. f5 h4 32. Nh1 gxf5 33. Nf2 fxg4 34. Nxg4 Bg5 35. Qd1 Qa6+ 36. Kf2 Qxa5 37. Kg2 Qc7 38. Ne5 f6 39. Qg4 Qg7 40. Nxc6 Nxc6 41. Kf2 Qd7 42. Qg2 Qf5+ 43. Kg1 Kh7 44. Nc2 Qf3 45. Qxf3 exf3 46. Kf2 f5 47. Kxf3 Kg6 48. Ne1 Ne6 49. Ng2 f4 0-1